| 000 | 01415nac a22002771u 4500 | ||
|---|---|---|---|
| 010 | _a 95033092 | ||
| 020 | _a0521554837 | ||
| 022 | _a0521665736 | ||
| 082 | 0 | 0 |
_a336.30951 _bH8604 |
| 090 |
_c2142 _d2142 |
||
| 100 | _aHuang, Yasheng. | ||
| 245 | 1 | 0 |
_aInflation and investment controls in China : _bthe political economy of central-local relations during the reform era / _cYasheng Huang. |
| 260 |
_aCambridge [England] ; _aNew York, NY, USA : _bCambridge University Press,1996 _c1996. |
||
| 300 |
_axviii, 371 p. : _bill. ; _c23 cm. |
||
| 500 | _aPartially based on the author's Ph.D. dissertation written between 1989-1991 in the Government Dept., Harvard University--P. xiii | ||
| 504 | _aIncludes bibliographical references (p. 331-358) and indexes. | ||
| 650 | 0 |
_aAnti-inflationary policies _zChina. |
|
| 650 | 0 |
_aFiscal policy _zChina. |
|
| 650 | 0 |
_aIntergovernmental fiscal relations _zChina. |
|
| 650 | 0 |
_aInvestments _xGovernment policy _zChina. |
|
| 651 | 0 |
_aChina _xEconomic conditions _y1976-2000 _xRegional disparities. |
|
| 856 | 4 | 2 |
_3Publisher description _uhttp://www.loc.gov/catdir/description/cam027/95033092.html |
| 856 | 4 | 2 |
_3Table of contents _uhttp://www.loc.gov/catdir/toc/cam026/95033092.html |
| 942 |
_cBB _k336.30951H8604 |
||
| 999 |
_c2142 _d2142 |
||